000 01039nam0a22002651 4500
001 rc\991755
005 20250622070945.0
035 _a(NLR Aleph) 006158912
090 _a5841813
_c5841813
100 _a20041129d1981 |||y0rusy50 ca
101 0 _arus
102 _aRU
105 _aa |||||||||
200 1 _aДостижения в области обработки металлов давлением
_eСб. науч. тр.
_fПод ред. Дж. Бурке, В. Вайса
_gПер. с англ. Г.Н. Мехеда
210 _aМ.
_cМеталлургия
_d1981
215 _a271 с.
_cил.
_d21
300 _aЗагл. корешка: Достижения в обработке металлов давлением
320 _aБиблиогр. в конце работ
517 0 _aДостижения в обработке металлов давлением
702 1 _aБурке
_bД.
_gДжон
_4340
801 0 _aRU
_bNLR
_gpsbo
801 1 _aRU
_bELAR
_2rusmarc
852 _aNLR
_j81-3/6094
942 _cBOOK
980 _aNB